| 000 | 00666nam a22002177a 4500 | ||
|---|---|---|---|
| 999 |
_c652 _d652 |
||
| 003 | AR-CdUCM | ||
| 008 | 190225b ||||| |||| 00| 0 spa d | ||
| 020 | _a9684111320 | ||
| 040 |
_aMUNICIPALIDAD PROVINCIAL DEL CUSCO _cBIBLIOTECA MUNICIPAL DEL CUSCO |
||
| 082 |
_22da reimpresión. _a869.15 / _bP77 |
||
| 100 |
_aPoniatowska, Elena _92531 |
||
| 245 | _aLilus Kikus / | ||
| 260 |
_aMéxico : _bEdiciones Era, _c1987. |
||
| 300 |
_a62 páginas ; _bilustraciones, _c19 cm. |
||
| 650 |
_aFicción _9184 |
||
| 650 |
_aNarrativa _967 |
||
| 650 |
_aLiteratura mexicana _92532 |
||
| 700 |
_aCarrintong, Leonora (Ilustraciones) _92533 |
||
| 942 |
_2ddc _cLIBROS |
||
| 945 | _azta | ||